WHO drug information; Vol.7(N.4)/1993

Αποθηκεύτηκε σε:
Λεπτομέρειες βιβλιογραφικής εγγραφής
Κύριος συγγραφέας: OMS
Μορφή: Βιβλίο
Γλώσσα:Undetermined
Έκδοση: Geneva OMS 1993
Θέματα:
Ετικέτες: Προσθήκη ετικέτας
Δεν υπάρχουν, Καταχωρήστε ετικέτα πρώτοι!
Thư viện lưu trữ: Trung tâm Học liệu Trường Đại học Cần Thơ
LEADER 00476nam a2200181Ia 4500
001 CTU_34550
008 210402s9999 xx 000 0 und d
082 |a 615.1 
082 |b O.68d/Vol.7/N.4 
100 |a OMS 
245 0 |a WHO drug information; Vol.7(N.4)/1993 
245 0 |c OMS 
260 |a Geneva 
260 |b OMS 
260 |c 1993 
650 |a pharmacology 
904 |i Nguyễn Quang Điền, 991210 
980 |a Trung tâm Học liệu Trường Đại học Cần Thơ